Gaming Quiz

Random Gaming Quiz

Gran Turismo Subaru Quiz Stats

 Plays Quiz not verified by Sporcle

Score 0/30 Timer 10:00
0 Plays Today
Subaru Type % Correct
Subaru360
94.6%
SubaruImpreza Rally Car
32.6%
SubaruImpreza Rally Car
32.6%
SubaruImpreza Rally Car
32.6%
SubaruLegacy B4 3.0R
23.9%
SubaruImpreza Sedan WRX STi I
22.8%
SubaruImpreza Sedan WRX STi II
22.8%
SubaruImpreza Sedan WRX STi IV
22.8%
SubaruImpreza Sedan WRX STi V
22.8%
SubaruImpreza Sedan WRX STi VI
22.8%
SubaruImpreza Sedan WRX STi III
21.7%
SubaruImpreza sedan WRX STi VII
21.7%
SubaruLegacy B4 Blitzen
20.7%
SubaruImpreza Sedan WRX STi VIII
20.7%
SubaruCusco Advan Impreza
19.6%
Subaru Type % Correct
SubaruLegacy B4 RSK
17.4%
SubaruImpreza Super Touring Car
15.2%
SubaruImpreza Prototype Rally Car
13%
SubaruLegacy B4 2.0GT
13%
SubaruLegacy Touring Wagon 2.0GT
12%
SubaruLegacy Touring Wagon GT-B
9.8%
SubaruImpreza Sport Wagon WRX STi VI
9.8%
SubaruImpreza Coupe WRX Type R STi VI
9.8%
SubaruImpreza sedan WRX STi Prodrive Style
9.8%
SubaruImpreza Sedan WRX STi spec C
9.8%
SubaruImpreza Premium Sport Coupe
8.7%
SubaruLegacy Touring Wagon B4 3.0R
8.7%
SubaruLegacy B4 specB
7.6%
SubaruLegacy Touring Wagon specB
7.6%
SubaruImpreza Sport Wagon STi
5.4%

You're not logged in!

Compare scores with friends on all Sporcle quizzes.
OR
Log In

Show Comments

Extras

Created Nov 1, 2010ReportNominate
Tags:gran, Gran Turismo, turismo

Top Quizzes Today


Score Distribution

Your Account Isn't Verified!

In order to create a playlist on Sporcle, you need to verify the email address you used during registration. Go to your Sporcle Settings to finish the process.

Report this User

Report this user for behavior that violates our Community Guidelines.

Details: